000
00334nam a2200145Ia 4500
008
090124s9999 xx 000 0 und d
082
_b
302022
245
_a
मळभ
250
_a
1
260
_b
कुलकर्णी वसंत.
_c
1988
300
_a
110
630
_a
मळभ
730
_a
मळभ
942
_c
BOOK
999
_c
191624
_d
191624